Sąsiedzi krajów z którymi my graniczymy - Statystyki

Ogólne statystyki
  • Ten quiz został rozwiązany 103 razy
    77 od ostatniego zresetowania
  • Średni wynik to 16 z 20
Statystyki odpowiedzi
Odpowiedź % Poprawnych
Austria
95%
Francja
94%
Węgry
94%
Szwajcaria
91%
Holandia
89%
Łotwa
86%
Belgia
85%
Dania
83%
Rumunia
83%
Finlandia
82%
Kazachstan
79%
Luksemburg
79%
Chiny
77%
Mołdawia
76%
Estonia
74%
Mongolia
70%
Norwegia
70%
Korea Połnocna
68%
Gruzja
65%
Azerbejdżan
64%
Nie znaleziono quizów pasujących do podanych kryteriów
Rozkład punktacji
Procent ludzi z każdym wynikiem
Percentyl według liczby udzielonych odpowiedzi
Twoja historia wyników
Nie rozwiązałeś tego quizu od ostatniego zresetowania